000 01321nam a22002297a 4500
999 _c57327
_d57327
003 Ge_BSU
005 20200521133852.0
008 200521s2009 xxu||||| |||| 00| 0 geo d
020 _a9992898364
041 _ageo
080 _a347(37) ნ-15
100 _aნადარეიშვილი, გიორგი
_98144
245 _aრომის სამოქალაქო სამართალი :
_bთანდართული ლათინური სამართლებრივი სიტყვა-თქმანი ქართული შესატყვისებითურთ /
_c გიორგი ნადარეიშვილი ; [რედ. ზაზა ნანობაშვილი].
250 _aმე-3 გადამუშავებული გამოცემა
264 _aთბილისი :
_bბონა კაუზა,
_c2009.
300 _a170გვ. ;
_c20 სმ.
504 _aბიბლიოგრ. ტექსტ. შენიშვნ. და გვ. 168-169
653 _aრომის სამოქალაქო სამართალი
653 _aსამართალი
700 _a ნანობაშვილი, ზაზა
_eრედაქტორი
_98145
942 _2udc
_cBK